LIBRARY ONLINE CATALOGUE

Papers in Metaphysics and Epistemology (Record no. 19365)

MARC details
000 -LEADER
fixed length control field 00403nam a22001457a 4500
008 - FIXED-LENGTH DATA ELEMENTS--GENERAL INFORMATION
fixed length control field 220705b |||||||| |||| 00| 0 eng d
020 ## - INTERNATIONAL STANDARD BOOK NUMBER
International Standard Book Number 0521587875
050 ## - LIBRARY OF CONGRESS CALL NUMBER
Classification number BD111
Item number .L45 1999
100 ## - MAIN ENTRY--PERSONAL NAME
Personal name Lewis, David
245 ## - TITLE STATEMENT
Title Papers in Metaphysics and Epistemology
Statement of responsibility, etc. David Lewis
260 ## - PUBLICATION, DISTRIBUTION, ETC. (IMPRINT)
Place of publication, distribution, etc. New York
Name of publisher, distributor, etc. Cambridge University Press
Date of publication, distribution, etc. 1999
300 ## - PHYSICAL DESCRIPTION
Extent ix, 453p.
650 ## - SUBJECT ADDED ENTRY--TOPICAL TERM
Topical term or geographic name as entry element Metaphysics
942 ## - ADDED ENTRY ELEMENTS (KOHA)
Source of classification or shelving scheme Library of Congress Classification
Koha item type General Collection
Holdings
Withdrawn status Lost status Source of classification or shelving scheme Not for loan Home library Current library Date acquired Cost, normal purchase price Total Checkouts Full call number Barcode Date last seen Date last checked out Price effective from Koha item type
    Library of Congress Classification   Kabarak, Main Campus Kabarak, Main Campus 05/07/2022 3876.00 1 BD111 .L45 1999 c.1 031884 02/08/2024 27/07/2022 05/07/2022 General Collection